Statistiken für Kannst du alle Bahnhöfe der Linie RE19a nennen?

Klicken Sie hier um das Quiz zu spielen!

Allgemein

  • Dieses Quiz wurde 20 mal gespielt
  • Das Durchschnittsergebnis liegt bei 13 aus 20

Antwortstatistiken

Antwort% Korrekt
Wesel
94%
Emmerich
88%
Dinslaken
82%
Düsseldorf Flughafen
82%
Oberhausen-Sterkrade
82%
Arnhem Centraal
76%
Duisburg Hauptbahnhof
76%
Düsseldorf Hauptbahnhof
76%
Oberhausen Hauptbahnhof
76%
Oberhausen-Holten
76%
Voerde
76%
Friedrichsfeld
71%
Empel-Rees
65%
Millingen (b. Rees)
65%
Emmerich-Elten
59%
Mehrhoog
47%
Praest
41%
Zevenaar
41%
Haldern
35%
Wesel Feldmark
35%

Verteilung der Resultate

Perzentil nach korrekt beantworteten Fragen

Anzahl Personen mit jedem Resultat

Ihre Resultats-Entwicklung

Sie haben dieses Quiz noch nicht gespielt